| 000 | 00667nam a2200289Ia 4500 | ||
|---|---|---|---|
| 005 | 20260401122212.0 | ||
| 008 | 008 250103s9999 xx 000 0 eng d | ||
| 020 | _a019566258-X | ||
| 037 | _aTB | ||
| 040 | _aEDL | ||
| 040 | _beng | ||
| 040 | _cEDL | ||
| 041 | _2eng | ||
| 041 | _aeng | ||
| 084 | _a820.1 NAI | ||
| 084 | _qEDL | ||
| 100 |
_aNaim, C _91232897 |
||
| 245 | 0 | _aZikr-i Mir: Autobiography of the 18th Century Mughal Poet Mir Muhammad Taqi Mir | |
| 245 | 0 | _cNaim, C | |
| 260 | _aNew Delhi | ||
| 260 | _bOxford | ||
| 260 | _c2005 | ||
| 942 | _cTB | ||
| 942 | _hIn820.1 NAI | ||
| 999 |
_c1845607 _d1845607 |
||